000 00535nam a2200205Ia 4500
003 GCL
008 140319s9999 xx 000 0 ara d
040 _aGCL /
_cGCL
082 0 4 _a863.03
_bج س
100 1 _aمحمود على مكى
245 1 0 _aالسيدة باربارا /
_cمحمود على مكى
700 1 _aجاييجوس
700 1 _aروملو
300 _a647
490 _aالالف كتاب
_v0
650 0 4 _aالادب
650 0 4 _aالادب الاسبانى
650 0 4 _aالقصص
942 _2ddc
_cBK
999 _c44166
_d44166